000 00286nam a22001337a 4500
008 170714b xxu||||| |||| 00| 0 eng d
020 _a2900072991979
041 _aeng
080 _a101
100 _a24
101 _aFIL
245 _aDOING PHILOSOPHY
_cSCHICK, TH
942 _2udc
_cBK
999 _c20669
_d20669